| 000 | 01073cam a2200277 4500 | ||
|---|---|---|---|
| 999 |
_c200442269 _d60481 |
||
| 003 | TR-AnTOB | ||
| 005 | 20220414112255.0 | ||
| 008 | 730831s1971 fr i000 0 eng u | ||
| 035 | _a(OCoLC)684232 | ||
| 040 |
_aOSU _beng _erda _cOSU _dOCL _dEEM _dUtOrBLW _dTR-AnTOB |
||
| 041 | 0 | _aeng | |
| 050 | 4 |
_aHD69.S6 _bO74 |
|
| 086 |
_aOECD _aP962p |
||
| 090 |
_aHD69.S6 _bO74 |
||
| 110 | 2 |
_aOrganisation for Economic Co-operation and Development. _bIndustry Committee _0http://id.loc.gov/authorities/names/n85808845. _9131656 |
|
| 245 | 1 | 0 |
_aProblems and policies relating to small and medium-sized businesses : _banalytic report drawn up by the Industry Committee of OECD. |
| 264 | 1 |
_a[Paris] : _bOrganisation for Economic Co-operation and Development, _c[1971] |
|
| 300 |
_a57 pages ; _c24 cm |
||
| 336 |
_atext _btxt _2rdacontent |
||
| 337 |
_aunmediated _bn _2rdamedia |
||
| 338 |
_avolume _bnc _2rdacarrier |
||
| 650 | 0 |
_aSmall business _0http://id.loc.gov/authorities/subjects/sh85123568. _91825 |
|
| 942 |
_2lcc _cBK |
||